| 000 | 00663nam a22002417a 4500 | ||
|---|---|---|---|
| 001 | 59069 | ||
| 003 | UA-OsUOA | ||
| 005 | 20230419163710.0 | ||
| 007 | ta | ||
| 008 | 20090305b un ||||| |||| 00| 0 ukr d | ||
| 020 | _a966-346-149-7 | ||
| 040 |
_aUA-OsUOA _bukr _cUA-OsUOA _dUA-OsUOA |
||
| 041 | _aukr | ||
| 080 | _a330,8(075,8) | ||
| 090 |
_a330,8(075,8) _bБ17 |
||
| 100 | _aБазилевич В. Д. | ||
| 245 |
_aІсторія економічних учень _bпідручник у 2 ч. _nч. 1 |
||
| 260 |
_aК. _bЗнання _c2006 |
||
| 300 | _a582 с. | ||
| 650 | 7 |
_a330 Економіка взагалі _2UDC |
|
| 942 |
_cBK _2udc |
||
| 955 | _a2 | ||
| 999 |
_c345140 _d345140 |
||